00702nam a2200229 a 4500001001300000003000900013005001700022008004100039020002300080082002000103100001500123245007100138260002500209300000900234500003500243650002600278700001500304902000800319942000700327952012100334999001700455nice12345678IN_TiNIC20260116014227.0070417s2004 dela grp 000 0 eng  a8186706704 c40000a305.40954bRAO1 aRao, Mohan aThe Undeard ScreambReproductive Health and Women`s Lives in India aDelhibZubaan c2004 a312p aincludes index and biblioraphy aWomen-India-Sociology1 aRao, Mohan bSRS cBK 001040708StackRoom-aHMIbHMId2007-04-17g400.00l0o305.40954 RAO1p021797r2007-04-17v400.00w2007-04-17yBK c14418d14418